00467nam a2200181Ia 4500008004100000020001400041245004600055245004700101260001500148260001600163260000900179300001500188300002500203300001000228440002000238500000800258999001900266170705s9999 xx 000 0 und d a590466399 aHorrible Harry and the kickball wedding / cSuzy Kline ; pictures by Frank Remkiewicz. aNew York : bScholastic, c1992 a52 pages : bcolor illustration ; c19cm. aHorrible Harry. a510 c335974d335974